[Event "Graz Open A 2019"]
[Site "Graz AUT"]
[Date "2019.02.22"]
[Round "7.15"]
[White "Nguyen, Piotr"]
[Black "Lin, Yi"]
[Result "1-0"]
[WhiteTitle "IM"]
[WhiteElo "2420"]
[BlackElo "2345"]
[WhiteFideId "1127993"]
[BlackFideId "8609659"]
[EventDate "2019.02.17"]

1. Nf3 Nf6 2. c4 g6 3. b3 Bg7 4. Bb2 c5 5. g3 d6 6. Bg2 e5 7. O-O O-O 8. Nc3 Nc6
9. d3 h6 10. Nd2 Be6 11. Nde4 Qd7 12. a3 Nxe4 13. dxe4 Rab8 14. e3 a6 15. a4 Qc7
16. f4 Ne7 17. Qd3 Qd7 18. Rad1 Rbd8 19. Rd2 f6 20. Nd5 Nxd5 21. exd5 Bf5 22. e4
Bh3 23. Bxh3 Qxh3 24. Bc3 b6 25. f5 g5 26. b4 Rf7 27. Rb1 h5 28. bxc5 bxc5 29.
Rb6 Bh6 30. Qf1 g4 31. Qxh3 gxh3 32. Rd3 Rg7 33. Kf2 a5 34. Kf3 h4 35. Be1 hxg3
36. Bxg3 Kf8 37. Rdb3 Ke8 38. Rb7 Rxb7 39. Rxb7 Bd2 40. Kg4 Rd7 41. Rb8+ Rd8 42.
Rb6 1-0

[Event "Graz Open A 2019"]
[Site "Graz AUT"]
[Date "2019.02.22"]
[Round "7.16"]
[White "Perske, Thore"]
[Black "Szustakowski, Antoni"]
[Result "1/2-1/2"]
[WhiteTitle "IM"]
[BlackTitle "FM"]
[WhiteElo "2451"]
[BlackElo "2301"]
[WhiteFideId "12902195"]
[BlackFideId "1167677"]
[EventDate "2019.02.17"]

1. d4 d5 2. c4 e6 3. Nf3 c6 4. g3 Nf6 5. Bg2 Be7 6. O-O O-O 7. Nc3 b6 8. b3 Bb7
9. Qd3 Nbd7 10. Rd1 c5 11. cxd5 exd5 12. Qf5 h6 13. Bf4 a6 14. Ne5 cxd4 15. Nxd7
Qxd7 16. Qxd7 Nxd7 17. Nxd5 Bxd5 18. Bxd5 Ra7 19. Rac1 Bc5 20. Bc6 Nf6 21. Kf1
Re7 22. Rc4 a5 23. Bc1 Ng4 24. Bf3 Nxh2+ 25. Kg2 Nxf3 26. Kxf3 Rfe8 27. Rc2 Re4
28. a3 f5 29. Bb2 g5 30. b4 g4+ 31. Kg2 Rxe2 32. Rxe2 Rxe2 33. Bxd4 axb4 34.
axb4 Bxd4 35. Rxd4 Re4 36. Rd5 Rxb4 37. Rxf5 Kg7 38. Kf1 Re4 39. Rb5 Re6 40. Rb4
h5 41. Rb5 Kg6 42. Rd5 Kh6 43. Rb5 Kg6 1/2-1/2

[Event "Graz Open A 2019"]
[Site "Graz AUT"]
[Date "2019.02.22"]
[Round "7.17"]
[White "Thakur, Akash"]
[Black "Xiang, Zeyu"]
[Result "0-1"]
[WhiteTitle "FM"]
[BlackTitle "IM"]
[WhiteElo "2308"]
[BlackElo "2436"]
[WhiteFideId "5008514"]
[BlackFideId "8608547"]
[EventDate "2019.02.17"]

1. e4 c5 2. Nf3 e6 3. d4 cxd4 4. Nxd4 Nc6 5. Nb5 d6 6. c4 Nf6 7. N1c3 a6 8. Na3
Qa5 9. Bd2 Be7 10. Nd5 Qd8 11. Nxe7 Qxe7 12. Bd3 d5 13. exd5 exd5+ 14. Qe2 Qxe2+
15. Kxe2 Be6 16. c5 O-O-O 17. Rhe1 Ne5 18. f3 Rhe8 19. Bf4 Nc4 20. Bxc4 dxc4 21.
Kf2 c3 22. b3 Rd3 23. Rad1 Rxd1 24. Rxd1 Nd5 25. Be5 f6 26. Bd4 Rd8 27. Ra1 Kc7
28. Kg3 Bf7 29. Rc1 Kc6 30. Bxc3 Nxc3 31. Rxc3 Rd2 32. Nc2 a5 33. a3 Bg6 34. Ne3
Rd3 35. Rxd3 Bxd3 36. b4 axb4 37. axb4 Kb5 38. Nd5 Bc4 39. Ne7 Kxb4 40. c6 bxc6
41. Nf5 g6 42. Nd6 Be6 43. Ne8 f5 44. Kf4 c5 45. Nc7 Bf7 46. Na6+ Kb5 47. Nxc5
Kxc5 48. Ke5 Bc4 49. Kf6 Bf1 50. g3 Be2 51. f4 Kd4 52. Kg7 Ke3 53. Kxh7 Bh5 54.
Kh6 Kf3 0-1

[Event "Graz Open A 2019"]
[Site "Graz AUT"]
[Date "2019.02.22"]
[Round "7.18"]
[White "Poysti, Nathanael"]
[Black "Marjanovic, Dejan"]
[Result "0-1"]
[BlackTitle "IM"]
[WhiteElo "2172"]
[BlackElo "2400"]
[WhiteFideId "24622133"]
[BlackFideId "14402661"]
[EventDate "2019.02.17"]

1. Nf3 Nf6 2. e3 e6 3. c4 d5 4. b3 c5 5. Bb2 Nc6 6. cxd5 exd5 7. Be2 Bd6 8. O-O
O-O 9. Nc3 Qe7 10. d4 cxd4 11. Nxd4 Rd8 12. Ncb5 Bb8 13. Rc1 Bd7 14. Nxc6 bxc6
15. Nd4 Qd6 16. g3 Ne4 17. Qc2 c5 18. Nf3 Qe7 19. Rfd1 Bg4 20. Nh4 Bxe2 21. Qxe2
Be5 22. Nf3 Bf6 23. Rd3 Rd6 24. Rcd1 Rad8 25. Nd2 Nxf2 26. Qxf2 Bxb2 27. Nc4
dxc4 28. Rxd6 Rxd6 29. Rxd6 Qxd6 30. Qxb2 cxb3 31. axb3 h5 32. Qc3 g6 33. Kf2
Qd5 34. h4 a6 35. Qc2 Qf5+ 36. Qxf5 gxf5 37. Kf3 Kg7 38. Kf4 Kf6 39. e4 fxe4 40.
Kxe4 Ke6 41. Kf4 f5 42. Kg5 a5 43. Kxh5 c4 0-1

[Event "Graz Open A 2019"]
[Site "Graz AUT"]
[Date "2019.02.22"]
[Round "7.29"]
[White "Khalakhan, Jurij"]
[Black "Suta, Andraz"]
[Result "0-1"]
[WhiteTitle "CM"]
[WhiteElo "2277"]
[BlackElo "2168"]
[WhiteFideId "14142368"]
[BlackFideId "14613190"]
[EventDate "2019.02.17"]

1. e4 e5 2. Nf3 Nc6 3. Bc4 Bc5 4. b4 Bxb4 5. c3 Be7 6. d4 Na5 7. Be2 d6 8. Qa4+
c6 9. dxe5 b5 10. Qc2 dxe5 11. Nxe5 Qc7 12. Nf3 Nf6 13. O-O Be6 14. Nbd2 O-O 15.
c4 Nxc4 16. Nxc4 Bxc4 17. Bxc4 bxc4 18. Qxc4 Ng4 19. g3 Rab8 20. Bd2 Rfd8 21. h3
Ne5 22. Nxe5 Qxe5 23. Bf4 Qb5 24. Qc2 Rbc8 25. Rab1 Qa6 26. Rfc1 h6 27. Qc4 Rd1+
28. Rxd1 Qxc4 29. Rb7 0-1

[Event "Graz Open A 2019"]
[Site "Graz AUT"]
[Date "2019.02.23"]
[Round "8.1"]
[White "Loiseau, Quentin"]
[Black "Gazik, Viktor"]
[Result "1-0"]
[WhiteTitle "IM"]
[BlackTitle "IM"]
[WhiteElo "2452"]
[BlackElo "2512"]
[WhiteFideId "665274"]
[BlackFideId "14928752"]
[EventDate "2019.02.17"]

1. e4 c5 2. Nf3 Nc6 3. d4 cxd4 4. Nxd4 Nf6 5. Nc3 d6 6. Bg5 Bd7 7. Qd2 h6 8.
Bxf6 gxf6 9. O-O-O Rc8 10. Kb1 Nxd4 11. Qxd4 Qa5 12. f4 Qc5 13. Qd3 Bc6 14. Be2
Rg8 15. Bf3 Bg7 16. Rhe1 a5 17. Nd5 e6 18. Qd2 Bd7 19. Nc3 Ke7 20. e5 fxe5 21.
Ne4 Qd4 22. Qc1 Qb6 23. Nxd6 Rc5 24. fxe5 Rf8 25. Qf4 f6 26. Nf5+ 1-0

[Event "Graz Open A 2019"]
[Site "Graz AUT"]
[Date "2019.02.23"]
[Round "8.2"]
[White "Haldorsen, Benjamin"]
[Black "Sanal, Vahap"]
[Result "0-1"]
[WhiteTitle "IM"]
[BlackTitle "GM"]
[WhiteElo "2450"]
[BlackElo "2497"]
[WhiteFideId "1512633"]
[BlackFideId "6300545"]
[EventDate "2019.02.17"]

1. c4 Nf6 2. g3 e6 3. Bg2 d5 4. Nf3 Be7 5. O-O O-O 6. Ne5 c5 7. cxd5 exd5 8. d4
Nc6 9. Nxc6 bxc6 10. Nc3 cxd4 11. Qxd4 Qb6 12. Be3 c5 13. Qd2 Be6 14. Bg5 Rad8
15. Bxf6 Bxf6 16. Nxd5 Qxb2 17. Nxf6+ Qxf6 18. Qa5 Qe7 19. e3 c4 20. Rab1 Rd7
21. Bc6 Rc7 22. Bd5 Bxd5 23. Qxd5 Rd8 24. Rfd1 Rcc8 25. Qa5 Rxd1+ 26. Rxd1 c3
27. Rc1 c2 28. Qd2 Qc5 29. h4 h5 30. f3 Qc4 31. a3 Qb3 32. Kf2 g6 33. Ke2 Qb2
34. Kf2 Rc4 35. Qd8+ Kg7 36. Qd2 Kg8 37. Ke2 a5 38. Qd8+ Kg7 39. Qd2 a4 40. Kf2
Qxa3 41. Rxc2 Rxc2 42. Qxc2 Qa1 43. g4 a3 44. Ke2 Qb2 45. Kd2 Qxc2+ 46. Kxc2 a2
47. Kb2 a1=Q+ 48. Kxa1 g5 0-1

[Event "Graz Open A 2019"]
[Site "Graz AUT"]
[Date "2019.02.23"]
[Round "8.3"]
[White "Turov, Maxim"]
[Black "Ertan, Can"]
[Result "1-0"]
[WhiteTitle "GM"]
[BlackTitle "FM"]
[WhiteElo "2585"]
[BlackElo "2405"]
[WhiteFideId "4120086"]
[BlackFideId "6306330"]
[EventDate "2019.02.17"]

1. d4 Nf6 2. c4 e6 3. Nc3 Bb4 4. Qc2 c5 5. dxc5 O-O 6. a3 Bxc5 7. Nf3 Nc6 8. Bf4
b6 9. Rd1 Bb7 10. e3 Be7 11. Be2 Rc8 12. O-O Na5 13. Nb5 Be4 14. Qa4 Nb7 15. b4
a6 16. Nbd4 d6 17. Ng5 e5 18. Nxe4 Nxe4 19. Qxa6 Nc3 20. Qxb7 Nxd1 21. Rxd1 Rb8
22. Qd5 exd4 23. Rxd4 Ra8 24. Rd3 Qc7 25. h3 Rfd8 26. Bf3 Ra6 27. Qb5 Qa7 28.
Kh2 g6 29. Bd5 Kg7 30. e4 Rxa3 31. Rxa3 Qxa3 32. Qxb6 Qb2 33. Qa7 Qf6 34. Be3
Kf8 35. b5 g5 36. b6 g4 37. b7 Qe5+ 38. g3 Qb2 39. Qd4 1-0

[Event "Graz Open A 2019"]
[Site "Graz AUT"]
[Date "2019.02.23"]
[Round "8.4"]
[White "Tomazini, Zan"]
[Black "Kryakvin, Dmitry"]
[Result "0-1"]
[WhiteTitle "IM"]
[BlackTitle "GM"]
[WhiteElo "2432"]
[BlackElo "2588"]
[WhiteFideId "14608162"]
[BlackFideId "4153278"]
[EventDate "2019.02.17"]

1. e4 e6 2. d4 d5 3. Nd2 c5 4. Ngf3 Nc6 5. exd5 exd5 6. Bb5 Qe7+ 7. Be2 Qc7 8.
O-O Nf6 9. Re1 Be6 10. Bd3 O-O-O 11. c3 h6 12. Qc2 Kb8 13. h3 c4 14. Bf5 Bxf5
15. Qxf5 Bd6 16. b3 cxb3 17. axb3 Rhe8 18. Bb2 Ne4 19. Nxe4 g6 20. Qf6 dxe4 21.
Nd2 Re6 22. Qh4 f5 23. Nc4 Bf4 24. Bc1 g5 25. Qh5 Rf6 26. Ba3 Qf7 27. Qe2 h5 28.
b4 b5 29. Na5 Nxa5 30. bxa5 a6 31. c4 Qxc4 32. Be7 Qxe2 33. Rxe2 Rff8 34. Bxf8
Rxf8 35. Rc2 Kb7 36. d5 Rd8 37. Rd1 Bc7 38. Ra2 Bd6 39. Rc2 Bb4 40. Rc6 Bxa5 41.
Rg6 Bc3 42. Rxg5 b4 43. d6 Kc6 44. d7 Rxd7 45. Rg6+ Kc7 46. Rxd7+ Kxd7 47. Rxa6
f4 48. g4 hxg4 49. hxg4 b3 50. Rb6 b2 51. g5 Kc7 52. Rb3 Kd6 53. g6 Kd5 54. Kg2
Kc4 55. Rxc3+ Kxc3 56. g7 b1=Q 57. g8=Q f3+ 58. Kh2 Kd2 59. Qg5+ Ke2 60. Qe3+
Kf1 61. Kg3 Qe1 62. Qd4 e3 63. Kxf3 Qxf2+ 64. Kg4 e2 65. Qd3 Kg1 66. Kh3 Qf1+
67. Kg4 e1=Q 68. Qd4+ Qef2 69. Qe4 Qd1+ 70. Kg5 Qd8+ 0-1

[Event "Graz Open A 2019"]
[Site "Graz AUT"]
[Date "2019.02.23"]
[Round "8.5"]
[White "Istratescu, Andrei"]
[Black "Markoja, Boris"]
[Result "1/2-1/2"]
[WhiteTitle "GM"]
[BlackTitle "IM"]
[WhiteElo "2555"]
[BlackElo "2440"]
[WhiteFideId "1200372"]
[BlackFideId "14608502"]
[EventDate "2019.02.17"]

1. d4 d5 2. c4 dxc4 3. e3 e5 4. Bxc4 exd4 5. exd4 Bd6 6. Nf3 Nf6 7. O-O O-O 8.
Nc3 Nc6 9. h3 h6 10. Re1 Re8 11. Rxe8+ Qxe8 12. Nb5 Na5 13. Nxd6 cxd6 14. Bf1
Be6 15. Bf4 Qd7 16. Qd3 Bc4 17. Qa3 Bxf1 18. Qxa5 Bc4 19. Nd2 Bd5 20. Nf1 Bc6
21. Ne3 b6 22. Qf5 Rd8 23. Rc1 Bb7 24. Qxd7 Rxd7 25. Nf5 Nd5 26. Bg3 Ne7 27.
Nxe7+ Rxe7 28. Bxd6 Rd7 29. Bb8 Bd5 30. a3 f6 31. Bf4 Bb7 32. Be3 Kf7 33. a4 Bd5
34. b4 Ke6 35. h4 h5 36. Kh2 Bb7 37. a5 Rd5 38. axb6 axb6 39. Kg3 g6 40. f3 Kd7
41. Kf2 Ke6 42. Ke2 Kd7 43. Bf4 Ke6 44. Kd3 b5 45. Bc7 Rd7 46. Ke3 Bd5 47. Rc5
Bc4 48. Ba5 Kf7 49. Bb6 Ke6 50. Ke4 Bd5+ 51. Kf4 Rg7 52. Ba5 g5+ 53. hxg5 Rxg5
54. g4 hxg4 55. fxg4 Bc4 56. Rxg5 fxg5+ 57. Kxg5 Be2 58. Bb6 Bd1 59. Bc5 Be2 60.
Kf4 Bd1 61. d5+ Kxd5 62. Kf5 Kc6 63. g5 Kd7 64. g6 Bc2+ 65. Kf6 Ke8 1/2-1/2

[Event "Graz Open A 2019"]
[Site "Graz AUT"]
[Date "2019.02.23"]
[Round "8.6"]
[White "Teclaf, Pawel"]
[Black "Sebenik, Matej"]
[Result "1/2-1/2"]
[WhiteTitle "CM"]
[BlackTitle "GM"]
[WhiteElo "2450"]
[BlackElo "2542"]
[WhiteFideId "1185934"]
[BlackFideId "14602296"]
[EventDate "2019.02.17"]

1. e4 c5 2. Nf3 Nc6 3. d4 cxd4 4. Nxd4 Nf6 5. Nc3 e5 6. Ndb5 d6 7. Nd5 Nxd5 8.
exd5 Ne7 9. c4 Ng6 10. Be2 Be7 11. c5 O-O 12. O-O a6 13. cxd6 Bxd6 14. Nxd6 Qxd6
15. Qb3 Bd7 16. Bd2 Nf4 17. Bf3 Bb5 18. Rfe1 Rfc8 19. Bxf4 exf4 20. Rac1 b6 21.
h3 g6 22. Qd1 Rxc1 23. Qxc1 Bd7 24. Qc3 a5 25. Qd4 Re8 26. Rxe8+ Bxe8 27. a3 f6 1/2-1/2

[Event "Graz Open A 2019"]
[Site "Graz AUT"]
[Date "2019.02.23"]
[Round "8.7"]
[White "Christiansen, Johan-Sebastian"]
[Black "Low, Zhen Yu Cyrus"]
[Result "1/2-1/2"]
[WhiteTitle "GM"]
[BlackTitle "IM"]
[WhiteElo "2559"]
[BlackElo "2377"]
[WhiteFideId "1512668"]
[BlackFideId "5804175"]
[EventDate "2019.02.17"]

1. c4 Nf6 2. g3 g6 3. Bg2 d5 4. cxd5 Nxd5 5. Qb3 e6 6. Nc3 Nb6 7. Nf3 Bg7 8. d4
Nc6 9. O-O O-O 10. Rd1 a5 11. e4 a4 12. Qc2 Ra5 13. Qe2 Qe7 14. Nb5 Na7 15. Bg5
f6 16. Nxa7 fxg5 17. Nxc8 Rxc8 18. Rac1 g4 19. Ne1 h5 20. e5 Bh6 21. Bxb7 Rb8
22. Rc5 Rxc5 23. dxc5 Qxc5 24. Be4 Qxe5 25. Nd3 Qf6 26. Qc2 Nd5 27. Qxa4 Bg7 28.
Qc6 Qf7 29. a4 Bd4 30. Bxd5 exd5 31. Nf4 Be5 32. Qxg6+ Qxg6 33. Nxg6 Bd6 34.
Rxd5 Kf7 35. Nf4 Bxf4 36. gxf4 Rxb2 37. Rxh5 Rb4 38. a5 Ke6 39. a6 Ra4 40. Kg2
Ra3 41. Rg5 c6 42. Rxg4 Kf5 43. f3 Rxa6 44. Kg3 Ra8 45. Rg5+ Ke6 46. f5+ Kf7 47.
Rh5 Rc8 48. Kg4 c5 49. Rh7+ Kg8 50. Ra7 c4 51. Ra2 c3 52. Rc2 Kf7 53. Kg5 Rg8+
54. Kf4 Rc8 55. Ke5 Re8+ 56. Kd4 Kf6 57. Rxc3 Kxf5 58. h4 Rh8 59. h5 Kf4 60. Rc6
Rxh5 1/2-1/2

[Event "Graz Open A 2019"]
[Site "Graz AUT"]
[Date "2019.02.23"]
[Round "8.8"]
[White "Stefansson, Hannes"]
[Black "Navalgund, Niranjan"]
[Result "1-0"]
[WhiteTitle "GM"]
[BlackTitle "FM"]
[WhiteElo "2514"]
[BlackElo "2359"]
[WhiteFideId "2300087"]
[BlackFideId "5030854"]
[EventDate "2019.02.17"]

1. e4 e5 2. Nf3 Nc6 3. Bb5 a6 4. Ba4 Nf6 5. O-O Be7 6. Re1 b5 7. Bb3 d6 8. c3
O-O 9. h3 Nb8 10. d4 Nbd7 11. Nbd2 Bb7 12. Bc2 Re8 13. Nf1 Bf8 14. Ng3 g6 15. b3
a5 16. a4 c6 17. Bg5 h6 18. Be3 Kh7 19. Nd2 b4 20. cxb4 axb4 21. f4 c5 22. dxe5
dxe5 23. Nc4 Qe7 24. Qf3 Ra6 25. Rad1 exf4 26. Bxf4 Re6 27. Nd6 Bc6 28. Nxe8
Nxe8 29. Qf2 Ne5 30. Rf1 Kg8 31. Qd2 Rd6 32. Qe3 Rxd1 33. Bxd1 h5 34. Bxh5 gxh5
35. Nf5 Qe6 36. Bxe5 f6 37. Bf4 Qxe4 38. Qxe4 Bxe4 39. Ne3 Kf7 40. Nc4 f5 41. a5
Bg7 42. a6 Bd4+ 43. Kh1 Nf6 44. Nd6+ 1-0

[Event "Graz Open A 2019"]
[Site "Graz AUT"]
[Date "2019.02.23"]
[Round "8.9"]
[White "Cvitan, Ognjen"]
[Black "Rudolf, Michal"]
[Result "1/2-1/2"]
[WhiteTitle "GM"]
[BlackTitle "FM"]
[WhiteElo "2496"]
[BlackElo "2331"]
[WhiteFideId "14500086"]
[BlackFideId "1106210"]
[EventDate "2019.02.17"]

1. d4 Nf6 2. c4 e6 3. Nc3 Bb4 4. e3 b6 5. Bd2 Bb7 6. Nf3 O-O 7. Bd3 d6 8. O-O e5
9. Bf5 exd4 10. Nxd4 d5 11. cxd5 Nxd5 12. Qc2 Nf6 13. Rfd1 Re8 14. Ncb5 Bc5 15.
Be1 Nbd7 16. b4 Bxd4 17. Rxd4 c5 18. bxc5 bxc5 19. Rdd1 Be4 20. Bxe4 Nxe4 21. f3
a6 22. Na3 Nef6 23. Nc4 Qe7 24. e4 Nf8 25. Nd6 Red8 26. Qxc5 Ne8 27. Bg3 Ne6 28.
Qb6 Nxd6 29. Rxd6 Rdb8 30. Rxe6 Qxe6 31. Qxe6 fxe6 32. Bxb8 Rxb8 33. Rc1 Rb2 34.
Rc6 Rxa2 35. Rxe6 Kf7 36. Rb6 a5 37. Ra6 a4 38. h4 h5 39. Kh2 Ke7 40. Kg3 Kf7
41. Kh3 a3 42. Kg3 Ke7 43. Ra5 g6 44. Ra6 Kf7 45. Ra7+ Kf6 46. f4 Ra1 47. e5+
Kf5 48. Rf7+ Ke4 49. e6 Kd5 50. f5 Re1 51. Rd7+ Ke5 52. fxg6 a2 53. e7 Kf6 54.
Ra7 Kxg6 55. Rxa2 Rxe7 56. Ra6+ Kg7 57. Kf4 Rb7 58. Re6 Rb4+ 59. Re4 Rb2 60. g3
Rb3 61. Re3 Rb4+ 62. Kf5 Rg4 63. Ra3 Kh6 64. Re3 Kh7 65. Kf6 Rg6+ 66. Kf7 Rg7+
67. Ke6 Rg6+ 68. Kd7 Rg4 69. Kd6 Rg6+ 70. Ke5 Rg4 71. Kf5 Kh6 1/2-1/2

[Event "Graz Open A 2019"]
[Site "Graz AUT"]
[Date "2019.02.23"]
[Round "8.10"]
[White "Marjanovic, Dejan"]
[Black "Goh, Wei Ming Kevin"]
[Result "0-1"]
[WhiteTitle "IM"]
[BlackTitle "IM"]
[WhiteElo "2400"]
[BlackElo "2477"]
[WhiteFideId "14402661"]
[BlackFideId "5800706"]
[EventDate "2019.02.17"]

1. d4 Nf6 2. Nf3 g6 3. c4 Bg7 4. Nc3 d5 5. h4 O-O 6. h5 Nxh5 7. cxd5 c6 8. dxc6
Nxc6 9. d5 Nb4 10. e4 Bg4 11. a3 Na6 12. Be2 e6 13. Be3 exd5 14. exd5 Re8 15.
Qd2 Rc8 16. O-O Nc5 17. Rad1 Nb3 18. Qc2 Rxe3 19. fxe3 Qb6 20. Kh2 Qd6+ 21. Kg1
Qb6 22. Kh2 Bh6 23. Rd3 Bf5 24. Qd1 Bxd3 25. Qxd3 Bxe3 26. g3 Bf2 27. Ne4 Nc5
28. Nxc5 Bxg3+ 29. Kh1 Qxc5 30. Ng5 Qe7 31. Bg4 Rd8 32. Rxf7 Qxg5 33. Be6 Kh8
34. Qf3 Bd6 35. Rxb7 Rf8 36. Rf7 Qc1+ 37. Kg2 Qxb2+ 38. Kf1 Ng3+ 39. Ke1 Qb6 0-1

[Event "Graz Open A 2019"]
[Site "Graz AUT"]
[Date "2019.02.23"]
[Round "8.11"]
[White "Szotkowski, Jakub"]
[Black "Ankit, R. Rajpara"]
[Result "1-0"]
[WhiteTitle "IM"]
[BlackTitle "GM"]
[WhiteElo "2345"]
[BlackElo "2451"]
[WhiteFideId "330590"]
[BlackFideId "5023335"]
[EventDate "2019.02.17"]

1. d4 d5 2. c4 c6 3. Nf3 Nf6 4. Nc3 e6 5. a4 Nbd7 6. g3 dxc4 7. Bg2 Be7 8. O-O
O-O 9. Bf4 Nd5 10. Nd2 Nxf4 11. gxf4 c5 12. Nxc4 Nb6 13. Nxb6 Qxb6 14. dxc5 Qxb2
15. Ne4 Rd8 16. Rb1 Qa2 17. Nd6 Qa3 18. Qc1 Qxa4 19. Nxb7 Rd5 20. Bxd5 exd5 21.
Qe3 Be6 22. Rfc1 Qc6 23. Na5 Qc7 24. Rb7 Qxa5 25. Rxe7 Qd8 1-0

[Event "Graz Open A 2019"]
[Site "Graz AUT"]
[Date "2019.02.23"]
[Round "8.12"]
[White "Xiang, Zeyu"]
[Black "Eggleston, David J"]
[Result "1-0"]
[WhiteTitle "IM"]
[BlackTitle "IM"]
[WhiteElo "2436"]
[BlackElo "2390"]
[WhiteFideId "8608547"]
[BlackFideId "412120"]
[EventDate "2019.02.17"]

1. d4 Nf6 2. c4 e6 3. Nf3 b6 4. g3 Bb7 5. Bg2 Be7 6. O-O O-O 7. Nc3 d5 8. cxd5
exd5 9. Bf4 Nbd7 10. Qa4 c6 11. Rfd1 Nh5 12. Bd2 Nhf6 13. Bh3 Re8 14. Bf4 b5 15.
Qc2 a5 16. Ne5 Nf8 17. a4 b4 18. Na2 Qb6 19. Nc1 c5 20. dxc5 Bxc5 21. Ned3 Be7
22. Qc7 Qa6 23. Nb3 Bd8 24. Qc2 N8d7 25. Be3 Be7 26. Nf4 Ne5 27. Bd4 Bd6 28. Nc5
Qc6 29. Rac1 Bc8 30. Bg2 Be6 31. Qb3 Bxc5 32. Rxc5 Qd6 33. Rcc1 Rad8 34. Qc2 Rc8
35. Qb1 Qb8 36. b3 Ned7 37. Qd3 Qb7 38. Qb5 Qxb5 39. axb5 Rb8 40. b6 Nxb6 41.
Ra1 Ne4 42. Rxa5 Nc3 43. Re1 Bf5 44. Bxb6 Rxb6 45. Nxd5 Nxd5 46. Bxd5 Be6 47.
Bxe6 Rbxe6 48. Rb5 g6 49. e3 Re4 50. Rd1 R8e5 51. Rxe5 Rxe5 52. Rd8+ Kg7 53. Rb8
Re4 54. Kf1 g5 55. Ke2 g4 56. Rd8 f5 57. Rd4 Kf7 58. Kd3 Re6 59. Rxb4 Rh6 60.
Rb7+ 1-0

[Event "Graz Open A 2019"]
[Site "Graz AUT"]
[Date "2019.02.23"]
[Round "8.13"]
[White "Lewicki, Miroslaw"]
[Black "Nguyen, Piotr"]
[Result "1/2-1/2"]
[WhiteTitle "CM"]
[BlackTitle "IM"]
[WhiteElo "2346"]
[BlackElo "2420"]
[WhiteFideId "1113380"]
[BlackFideId "1127993"]
[EventDate "2019.02.17"]

1. e4 e6 2. d4 d5 3. Nd2 c5 4. exd5 Qxd5 5. Ngf3 cxd4 6. Bc4 Qd7 7. O-O Nc6 8.
Nb3 a6 9. Nbxd4 Nxd4 10. Nxd4 Qc7 11. Qe2 Bd6 12. h3 Ne7 13. Rd1 O-O 14. c3 Ng6
15. Bd3 Nf4 16. Bxf4 Bxf4 17. Be4 g6 18. g3 Be5 19. Bg2 Bg7 20. h4 h5 21. Nf3
Rb8 22. Rd2 b5 23. Rad1 a5 24. Ng5 b4 25. c4 b3 26. a3 a4 27. Qe3 Bh6 28. c5 f6
29. Nxe6 Bxe3 30. Nxc7 Bxd2 31. Rxd2 Bf5 32. c6 Rbd8 33. Bd5+ Kg7 34. Rd4 Rf7
35. Nb5 Re7 36. c7 Re1+ 37. Kg2 Rf8 38. Bb7 Rc1 39. Nc3 Rc2 40. Rxa4 Rxb2 41.
Rb4 Rc2 42. Nb5 b2 43. Nd6 Bd3 44. c8=Q Rcxc8 45. Rxb2 Rcd8 46. Ne4 Bxe4+ 47.
Bxe4 Rd4 48. Bc6 Rc8 49. Bb5 Rcd8 50. a4 Rd2 51. Rb3 Ra2 52. Rf3 Rd4 53. Bc6 Rb4
54. Bb5 Rbb2 55. Bc6 Rb4 56. Bb5 f5 57. Bc6 Kf6 58. Bb5 Rab2 59. Rc3 Rd2 60.
Rc6+ Ke5 61. Rc5+ Kd4 62. Rc6 Rbb2 63. Rc4+ Ke5 64. Rf4 Ra2 65. Rf3 Rd4 66. Be8
Kf6 67. Bb5 g5 68. hxg5+ Kxg5 69. Kh3 Rad2 70. Be8 h4 71. gxh4+ Rxh4+ 72. Kg2
Rg4+ 73. Rg3 Kf4 74. Rxg4+ fxg4 75. Kf1 Rc2 76. Bf7 Rc5 77. Kg2 Rc2 78. Kf1 Rc1+
79. Kg2 Ra1 80. Bd5 Rxa4 81. Bb7 Ra2 82. Kf1 Rb2 83. Bc6 g3 84. fxg3+ Kxg3 85.
Ke1 Kf4 86. Kd1 Ke3 87. Kc1 Rb8 88. Bd7 Kd3 89. Bf5+ Kc3 90. Kd1 Rf8 91. Bg6 Rf2
92. Ke1 Rf6 93. Bh7 Rh6 94. Bf5 Rh2 95. Bg6 Kd4 96. Kd1 Ke5 1/2-1/2

[Event "Graz Open A 2019"]
[Site "Graz AUT"]
[Date "2019.02.23"]
[Round "8.14"]
[White "Radovanovic, Nikola"]
[Black "Pranav, Anand"]
[Result "1-0"]
[WhiteTitle "IM"]
[BlackTitle "FM"]
[WhiteElo "2418"]
[BlackElo "2303"]
[WhiteFideId "900087"]
[BlackFideId "46626786"]
[EventDate "2019.02.17"]

1. e4 e5 2. Nf3 Nc6 3. Bc4 Bc5 4. c3 Nf6 5. d3 O-O 6. Bg5 h6 7. Bh4 d6 8. Nbd2
a6 9. Bb3 Ba7 10. O-O g5 11. Bg3 Nh7 12. Nc4 h5 13. h3 Kg7 14. Nfd2 Kh6 15. Ne3
Ne7 16. Bh2 f5 17. exf5 Nxf5 18. Nxf5+ Bxf5 19. Qe2 g4 20. hxg4 Bxg4 21. Qe1 Qh4
22. Ne4 Bf5 23. Qd2+ Kg6 24. Rae1 Rae8 25. Ng3 Bg4 26. d4 Qg5 27. Bc2+ Kh6 28.
f4 Qg7 29. fxe5+ Ng5 30. exd6 cxd6 31. Rxe8 Rxe8 32. Nf5+ Bxf5 33. Rxf5 Rf8 34.
Qf4 Rxf5 35. Qxf5 Bb8 36. Bf4 1-0

[Event "Graz Open A 2019"]
[Site "Graz AUT"]
[Date "2019.02.23"]
[Round "8.15"]
[White "Schernthaner, David"]
[Black "Drazic, Sinisa"]
[Result "0-1"]
[BlackTitle "GM"]
[WhiteElo "2098"]
[BlackElo "2408"]
[WhiteFideId "1649574"]
[BlackFideId "901172"]
[EventDate "2019.02.17"]

1. e4 e5 2. Nf3 Nc6 3. Bb5 Nge7 4. O-O Ng6 5. c3 a6 6. Ba4 b5 7. Bb3 Na5 8. Bc2
Be7 9. d4 d6 10. Nbd2 c5 11. Re1 O-O 12. Nf1 cxd4 13. cxd4 Bg4 14. h3 Bxf3 15.
Qxf3 exd4 16. b3 Rc8 17. Qd1 Bf6 18. Bd3 Nc6 19. Bb2 Nb4 20. a3 Nxd3 21. Qxd3
Nf4 22. Qd2 Ne6 23. Ng3 Be5 24. Ne2 d3 25. Nc3 Nf4 26. g3 Nxh3+ 27. Kh2 Nxf2 0-1

[Event "Graz Open A 2019"]
[Site "Graz AUT"]
[Date "2019.02.23"]
[Round "8.16"]
[White "Drnovsek, Gal"]
[Black "Leisch, Lukas"]
[Result "0-1"]
[WhiteTitle "IM"]
[WhiteElo "2421"]
[BlackElo "2313"]
[WhiteFideId "14607077"]
[BlackFideId "1632094"]
[EventDate "2019.02.17"]

1. d4 Nf6 2. c4 e6 3. Nc3 Bb4 4. Qc2 O-O 5. Nf3 d5 6. Bg5 dxc4 7. e4 h6 8. Bxf6
Qxf6 9. Bxc4 c5 10. a3 Bxc3+ 11. bxc3 cxd4 12. cxd4 Nc6 13. Rd1 Rd8 14. Qc3 b6
15. O-O Bb7 16. Qe3 Rac8 17. Ba2 Na5 18. Rc1 Qe7 19. h3 Ba6 20. Rxc8 Rxc8 21.
Rc1 Nc4 22. Bxc4 Rxc4 23. Ne5 Rxc1+ 24. Qxc1 Bb7 25. f3 Qd6 26. Qc3 f6 27. Ng4
b5 28. e5 fxe5 29. dxe5 Qb6+ 30. Kh2 a5 31. Qd3 b4 32. Qd7 Qc6 33. Qd8+ Kf7 34.
Qxa5 b3 35. Qb4 Qd5 36. Qf4+ Kg8 37. Qa4 Bc6 38. Qb4 Qb5 39. Qe7 b2 40. Qxe6+
Kh8 41. Nf6 Qb8 0-1